Library Banner

A handbook for teaching & learning in higher education (Record no. 27718)

MARC details
000 -LEADER
fixed length control field 00618nam a2200205Ia 4500
001 - CONTROL NUMBER
control field 27583
008 - FIXED-LENGTH DATA ELEMENTS--GENERAL INFORMATION
fixed length control field 140414s9999 xx 000 0 und d
020 ## - INTERNATIONAL STANDARD BOOK NUMBER
International Standard Book Number 81-242-0432-2
040 ## - CATALOGING SOURCE
Transcribing agency PK-LaUMT
082 ## - DEWEY DECIMAL CLASSIFICATION NUMBER
Classification number 378.125
Item number FRY-H
100 ## - MAIN ENTRY--PERSONAL NAME
Personal name Heather Fry
245 #2 - TITLE STATEMENT
Title A handbook for teaching & learning in higher education
Remainder of title enhancing academic practice
Statement of responsibility, etc Heather Fry<>Stephanie Marshall<>Steve Ketteridge
260 ## - PUBLICATION, DISTRIBUTION, ETC. (IMPRINT)
Place of publication, distribution, etc New Delhi,India:
Name of publisher, distributor, etc Crest Publishing House,
Date of publication, distribution, etc 2004
300 ## - PHYSICAL DESCRIPTION
Extent 449 p.
546 ## - LANGUAGE NOTE
Language note EN
650 ## - SUBJECT ADDED ENTRY--TOPICAL TERM
Topical term or geographic name as entry element College teaching
700 ## - ADDED ENTRY--PERSONAL NAME
Personal name Stephanie Marshall
700 ## - ADDED ENTRY--PERSONAL NAME
Personal name Steve Ketteridge
942 ## - ADDED ENTRY ELEMENTS (KOHA)
Koha item type Books
Holdings
Withdrawn status Lost status Damaged status Not for loan Home library Current library Date acquired Total Checkouts Full call number Barcode Date last seen Price effective from Koha item type
        UMT Main Campus UMT Main Campus 2014-04-14   378.125 FRY-H 31231 2014-04-25 2014-04-25 Books